[Event "AUS-ch op U20"]
[Site "Perth "]
[Date "2004.01.25"]
[Round "11"]
[White "Muthusamy, Reubban"]
[Black "Vishwanath, Ganesh"]
[Result "1-0"]
[WhiteElo "1389"]
[BlackElo "1551"]
[PlyCount "73"]
[EventDate "2004.01.14"]
[EventType "swiss"]
[EventRounds "11"]
[EventCountry "AUS"]
[SourceTitle "EXT 2006"]
[Source "ChessBase"]
[SourceDate "2005.11.24"]
[SourceVersion "1"]
[SourceVersionDate "2005.11.24"]
[SourceQuality "1"]

1. e4 c5 2. Nf3 d6 3. c3 Nf6 4. Be2 g6 5. 0-0 Bg7 6. Bb5+ Bd7 7. Bxd7+ Qxd7 8. Re1 0-0 9. d4 Na6 10. Bf4 Rac8 11. a3 Qb5 12. Qe2 Qb3 13. d5 Nc7 14. a4 Nd7 15. a5 Ne5 16. Nxe5 dxe5 17. Be3 Qb5 18. c4 Qd7 19. Bxc5 Nxd5 20. Bxa7 Nf4 21. Qf1 f5 22. Nc3 Qd3 23. c5 Qxf1+ 24. Rxf1 Nd3 25. Nd5 Rf7 26. b4 e6 27. Rfd1 exd5 28. Rxd3 dxe4 29. Rd6 f4 30. Re1 e3 31. fxe3 fxe3 32. Rxe3 Rcf8 33. Rf3 Rxf3 34. gxf3 Rxf3 35. Rd8+ Bf8 36. c6 Rf7 37. Bc5 1-0

[Event "AUS-ch op U20"]
[Site "Perth "]
[Date "2004.01.17"]
[Round "5"]
[White "Vishwanath, Ganesh"]
[Black "Lugo, Ruperto"]
[Result "1-0"]
[WhiteElo "1551"]
[BlackElo "1697"]
[PlyCount "31"]
[EventDate "2004.01.14"]
[EventType "swiss"]
[EventRounds "11"]
[EventCountry "AUS"]
[SourceTitle "EXT 2006"]
[Source "ChessBase"]
[SourceDate "2005.11.24"]
[SourceVersion "1"]
[SourceVersionDate "2005.11.24"]
[SourceQuality "1"]

1. Nf3 d6 2. d4 Bg4 3. c3 g6 4. Qb3 Bxf3 5. gxf3 b6 6. e4 Bg7 7. Bg5 Qd7 8. f4 h6 9. Bh4 Qg4 10. Bg3 Qf3 11. Nd2 Qg4 12. Bc4 e6 13. h3 Qh5 14. Be2 Qa5 15. Nc4 Qa6 16. Nxd6+ 1-0